三十六计 Thirty-Six Stratagems - Statistics

General Stats
  • This quiz has been taken 53 times
  • The average score is 13 of 36
Answer Stats
部分 编号 计策 % Correct
败战计 36 走为上
96%
败战计 31 美人计
88%
败战计 33 反间计
71%
败战计 32 空城计
69%
胜战计 2 围魏救赵
65%
败战计 34 苦肉计
65%
胜战计 1 瞒天过海
63%
胜战计 6 声东击西
56%
敌战计 11 李代桃僵
44%
敌战计 12 顺手牵羊
44%
胜战计 3 借刀杀人
42%
敌战计 8 暗度陈仓
38%
攻战计 15 调虎离山
35%
败战计 35 连环计
33%
敌战计 7 无中生有
31%
敌战计 9 隔岸观火
31%
混战计 19 釜底抽薪
31%
混战计 20 浑水摸鱼
31%
敌战计 10 笑里藏刀
29%
攻战计 18 擒贼擒王
29%
混战计 21 金蝉脱壳
29%
混战计 23 远交近攻
29%
胜战计 4 以逸待劳
27%
混战计 24 假途伐虢
27%
并战计 29 树上开花
27%
混战计 22 关门捉贼
25%
并战计 28 上屋抽梯
25%
胜战计 5 趁火打劫
23%
并战计 25 偷梁换柱
21%
攻战计 13 打草惊蛇
19%
攻战计 14 借尸还魂
19%
攻战计 16 欲擒故纵
19%
并战计 30 反客为主
19%
攻战计 17 抛砖引玉
17%
并战计 26 指桑骂槐
17%
并战计 27 假痴不癫
13%
No matching quizzes found
Score Distribution
Percent of People with Each Score
Percentile by Number Answered
Your Score History
You have not taken this quiz